| 000 | 00935nam a2200265 a 4500 | ||
|---|---|---|---|
| 001 | 62833 | ||
| 003 | BD-RjUL | ||
| 005 | 20211209081128.0 | ||
| 008 | 170126s1984 enka b 001 0 eng d | ||
| 020 | _a0713164220 (pbk) | ||
| 035 | _a(BD-RjUL)62961 | ||
| 040 |
_aUKM _cUKM _beng _dBD-RjUL |
||
| 041 | 1 |
_aeng _hdut |
|
| 082 |
_223 _a407.1 _bELA 1984 |
||
| 245 | 0 | 0 |
_aApplied linguistics and the learning and teaching of foreign languages / _cTheo van Els ... [et al.] ; translated by R.R. van Oirsouw |
| 260 |
_aLondon : _bE. Arnold, _cc1984 |
||
| 300 |
_ax, 386 p. : _bill ; _c24 cm. |
||
| 500 | _aIncludes index | ||
| 500 | _aTranslation of: Handboek voor de toegepaste taalkunde, publ. Groningen : Wolters-Noordhoff, 1977. | ||
| 504 | _aBibliography: p. 333-372 | ||
| 650 | 0 |
_aLanguage and languages _xStudy and teaching _9182093 |
|
| 650 | 0 |
_aApplied linguistics _9186787 |
|
| 700 | 1 |
_aEls, Theo van. _9186788 |
|
| 942 |
_2ddc _cBK |
||
| 999 |
_c62833 _d62833 |
||